000 01067nam0a22002651 4500
001 rc\3169737
005 20120615112100.7
021 _aRU
_bП773-77
035 _a(NLR Aleph) 007307465
090 _a5774666
_c5774666
100 _a20120615d1976 |||y0rusy50 ca
101 0 _arus
102 _aRU
105 _aa z |||||
200 1 _aПрикладная математика
_e[Сборник статей]
_fПод ред. д. ф.-м. н., проф. А.Л. Гонора
210 _aМосква
_cБ. и.
_d1976
215 _a123 с.
_cил.
_d21
225 1 _aМинистерство высшего и среднего специального образования РСФСР. Всесоюзный заочный машиностроительный институт. Научные труды
_vТ. 38
320 _aБиблиогр. в конце статей
702 1 _aГонор
_bА. Л.
_gАлександр Львович
_4340
801 0 _aRU
_bNLR
_gpsbo
801 1 _aRU
_bELAR
_2rusmarc
852 _aNLR
_jП10/1908
942 _cBOOK
980 _aNB